Elepants / (Record no. 49373)
| 000 -LEADER | |
|---|---|
| fixed length control field | 00439nam a2200145 4500 |
| 020 ## - INTERNATIONAL STANDARD BOOK NUMBER | |
| International Standard Book Number | 9781784459260 |
| 100 ## - MAIN ENTRY--PERSONAL NAME | |
| Personal name | George, Joshua, |
| Relator term | author. |
| 9 (RLIN) | 84098 |
| 245 ## - TITLE STATEMENT | |
| Title | Elepants / |
| Statement of responsibility, etc | By Joshua George. |
| 260 ## - PUBLICATION, DISTRIBUTION, ETC. (IMPRINT) | |
| Place of publication, distribution, etc | UK. ; |
| Name of publisher, distributor, etc | Imagine That Publishing : |
| Date of publication, distribution, etc | 2016. |
| 300 ## - PHYSICAL DESCRIPTION | |
| Extent | 32 pages. |
| Dimensions | 20 x 14 x 1 cm. |
| 650 ## - SUBJECT ADDED ENTRY--TOPICAL TERM | |
| 9 (RLIN) | 76591 |
| Topical term or geographic name as entry element | Animal behavior |
| Form subdivision | Juvenile fiction. |
| 650 ## - SUBJECT ADDED ENTRY--TOPICAL TERM | |
| 9 (RLIN) | 1713 |
| Topical term or geographic name as entry element | Behavior |
| General subdivision | Fiction. |
| 650 ## - SUBJECT ADDED ENTRY--TOPICAL TERM | |
| 9 (RLIN) | 79592 |
| Topical term or geographic name as entry element | Friendship. |
| 942 ## - ADDED ENTRY ELEMENTS (KOHA) | |
| Source of classification or shelving scheme | |
| Koha item type | Book |
| Withdrawn status | Lost status | Source of classification or shelving scheme | Damaged status | Not for loan | Home library | Current library | Date acquired | Total Checkouts | Full call number | Barcode | Date last seen | Price effective from | Koha item type |
|---|---|---|---|---|---|---|---|---|---|---|---|---|---|
| Logos International School | Logos International School | 08/20/2025 | E GEO | 042877 | 08/22/2025 | 08/20/2025 | Book |